Фотоснимок М. Новикова с дарственной надписью Г. Кривошеину

Доступно только в Электронных читальных залах Найти на картеНа карте
RUSMARC
00003521nmc2a22002413x 450
00142aacfbd-d123-412f-acb2-45190d199df6
00520251226103156.0
100##$a20250626l19101910k l0rusy0189 ca
1010#$arus
102##$aRU
105##$aa###
1220#$ad
2001#$aФотоснимок М. Новикова с дарственной надписью Г. Кривошеину
$j26 сентября 1910 г.
215##$a1 л.
$cфото
$d20,5х25,5 см
251##$cДело
300##$aДело
371##$aДокумент не является опубликованным и широко распространяемым
461#0$10014a7d475a-da6a-4fe5-ac12-54e1d873a03e
$12001
$aКривошеин Александр Васильевич
$1251
$cФонд
$1852
$j1571
462#0$10019af0f408-9074-482a-a22c-3a631489d173
$12001
$aЛичные документы Е.Г. Kривошеиной и ее сыновей; письма ей членов семьи и других лиц
$1251
$cОпись
$1852
$j2
801#0$aRU
$bРГИА
$c20250626
$gRCR
801#1$aRU
$bГлавНИВЦ
$c20250626
$2rusmarc
801#2$aRU
$bПБ им. Б.Н. Ельцина
$c20251226
$gRCR
$2rusmarc
850##$aРГИА
852##$aРГИА
$eФедеральное казенное учреждение "Российский государственный исторический архив" (РГИА)
$j167
937##$hРГИА
$d12426480
$aASBIBLIO_SCAN
035##$aRusGRCC00088117
856##$uhttp://readingroom.main.prlib.ru/item.aspx?id_node=n199876593&mode=full
Формат отображения